00953cam a22002651 4500001001300000003000400013005001700017008004100034010001700075035001900092040003200111042001200143050002400155050001600179060002200195082001000217100003300227245020700260260004900467300002000516410008800536650001700624650002900641999001700670med47001275 DLC20260227111602.0820626s1946 xx 000 0 eng  amed47001275  a(OCoLC)6855836 aDLCcDNLMdKWiUdOCoLCdDLC apremarc00aRA11b.B177 no. 19100aTX609b.D4300aW1bUN7392 no.191 a664.82 aDe Martini, Frank E.,d1904-10aFood dehydration wastes,ba study of wastes from the dehydration of skim milk, raw and fermented whey, potatoes, beets rutabagas, and hominy,cby F. E. De Martini, W. Allan Moore and G. E. Terhoeven ... a[Washington,bU.S. Govt. print. off.,c1946] aiv, 36 p.bill.10aUnited States.bPublic Health Service.tPublic health reports.pSupplementvno. 191 0aDried foods. 0aFactory and trade waste. c38288d38288